000 00612nam a22002177a 4500
003 UA-OsUOA
001 71328
007 ta
008 20101021b un ||||| |||| 00| 0 ukr d
100 _aГриневецький С.
090 _a32
_bГ85
942 _cSA
040 _aUA-OsUOA
_bukr
_cUA-OsUOA
_dUA-OsUOA
245 _aГлибокий аналіз, повчальні уроки (Про книгу Леоніда Кучми "Зламане десятиліття")
300 _aС.4
955 _a0
041 _aukr
080 _a32
773 0 _w71327
650 7 _a32 Політика
_2UDC
999 _c357606
_d357606